riverdale - Statistiques

Statistiques générales
  • Ce quiz a été pris 382 fois
  • Le résultat moyen est 24 sur 70
Statistiques - réponses
Hint Réponse % Correct
2 Betty Cooper
97%
1 Jughead Jones
94%
3 Veronica Lodge
94%
4 Archie Andrews
93%
10 alice cooper
85%
7 Cheryl Blossom
83%
23 FP jones
81%
20 Fred Andrews
81%
16 Hiram Lodge
81%
15 Hermione Lodge
80%
17 Jason Blossom
74%
11 hal Cooper
73%
5 Kevin Keller
70%
12 Polly Cooper
70%
18 Penelope Blossom
67%
8 Tony Topaz
62%
42 jellybean jones
61%
31 mary andrews
56%
19 Clifford Blossom
53%
6 Josie Mc coy
52%
41 gladys jones
49%
25 Chic
47%
9 Sweet pea
46%
36 claudius blossom
41%
21 reggie Mantle
40%
52 sierra mc coy
35%
51 rose blossom
30%
26 ethel muggs
29%
38 edgar evernever
26%
24 Fangs Fogarty
25%
54 sherif thomas keller
25%
55 vegas
25%
14 Dagwood
24%
13 Juniper
23%
48 penny peabody
23%
22 miss Grundy
20%
35 smithers
20%
27 midge klump
19%
28 chuck clayton
18%
40 evelyne evernever
18%
49 pop tate
18%
33 moose mason
17%
53 tall boy
17%
29 dilton doiley
16%
67 myles mc coy
16%
61 hot dog
15%
46 mad dog
15%
32 valerie brown
15%
30 melody valentine
14%
47 nick saint clair
14%
70 arthur adams
12%
43 joaquin desantos
9%
66 marty mantle
9%
34 coach clayton
8%
59 darryl doiley
8%
44 kurtz
7%
45 la cagoule noire
7%
56 soeur woodhouse
7%
57 baby teeth
6%
39 elio grande
6%
62 joseph svenson
6%
50 le roi des gargouilles
6%
68 sherif minetta
6%
37 docteur curdle
5%
58 docteur curdle junior
5%
69 norton
5%
63 hog eye
3%
64 laurie lake
3%
60 featherhead
1%
65 gracie lake
0%
Aucun quiz correspondant
Distribution des résultats
% des personnes avec chaque résultat
Percentile par nombre de réponses
Votre historique - résultats
Vous n’avez pas pris ce quiz